1349 1346 1574 1686 1982 1349 1455 1125 1637 1629 1166 1709 1433 1879 1953 1782 1526 1076 1176 1167 1664 1830 1228 1327 1781 1444 1614 1211 1048 1955 1886 1302 1865 1512 1140 1197 1196 1923 1982 1290 1206 1710 1887 1867 1010 1936 1558 1307 1615 1462 1499 1559 1687 1121 1731 1431 1145 1757 1062 1967 1445 1969 1139 1425 1096 1510 1547 1291 1550 1903 1824 1218 1475 1000 1598 1610 1870 1044 1856 1764 1356 1547 1341 1137 1250 1171 1373 1041 1364 1385 1009 1004 1575 1888 1519 1381 1924 1779 1766 BCNSPRNW ULIB Ver.6.0+V

เปลี่ยนเป็นภาษาไทย

Change to English
 แสดงรายละเอียดบรรณานุกรม
  กลับหน้าหลัก

Brief Record : Get Marc (ISO 2709) : E-mail record : QR code < ปิดหน้าต่าง
LEADER : 00000nam 2200000uu 4500
001    13399113660
003     ULIB
008    020711s2550 th a 000 0 tha d
020    ^a9789748102153
090    ^aนว.^bล514ม 2550
100    ^aลิฬวรา
245    ^aมา(ร)ยา/^cลิฬวรา
250    ^aพิมพ์ครั้งที่ 1
260    ^aกรุงเทพฯ :^bพิมพ์คำ,^c2550
300    ^a430 หน้า
945    ^p250^l0^i022013
999 ^a ใช้งานได้ทุกระบบ
รายการนี้ยังไม่มีแท็ก
คุณยังไม่ได้ล็อกอิน คุณสามารถมีกิจกรรมร่วมกับเว็บไซต์ได้ แต่ต้องล็อกอินก่อน ::
  ล็อกอิน

รายการสื่อสารสนเทศ

ลำดับที่ ประเภท เลขเรียก/บาร์โค้ด สถานที่ สถานะ
1. นวนิยาย
นวนิยาย
นว. ล514ม 2550 ฉ.1 
  Barcode: 022013
ห้องสมุดวิทยาเขตสวรรค์ประชารักษ์
►นวนิยาย
บนชั้น
  ขอยืม

BibComment


ยังไม่เคยถูกคอมเมนท์

คอมเมนท์ทรัพยากรรายการนี้
  คอมเมนท์: มารยา ลิฬวรา


 Copyright 2026. Bcnsprnw @Library